[Event "AUTO-ADV-728"]
[Site "http://www.queenalice.com/game.php?id=392938"]
[Date "2008.4.24"]
[Round "2"]
[White "ZbynioG"]
[Black "velkan_cu"]
[Result "0-1"]
[WhiteElo "2115"]
[BlackElo "1710"]

1. d4 d5 2. Nf3 Nf6 3. g3 e6 4. Bg2 Be7 5. c4 Nbd7 6. O-O O-O 7. b3 b6 8. Bb2
Bb7 9. Nbd2 Bd6 10. Rc1 a5 11. a3 Ne4 12. Nxe4 dxe4 13. Nd2 f5 14. Nb1 Nf6 15.
c5 Be7 16. cxb6 cxb6 17. a4 Rc8 18. Nc3 Ba6 19. f3 exf3 20. Bxf3 Rc7 21. Qd3
Bxd3 0-1

[Event "AUTO-ADV-728"]
[Site "http://www.queenalice.com/game.php?id=392939"]
[Date "2008.4.24"]
[Round "2"]
[White "velkan_cu"]
[Black "ZbynioG"]
[Result "0-1"]
[WhiteElo "1711"]
[BlackElo "2073"]

1. e4 Nf6 2. Nc3 d5 3. exd5 Nxd5 4. Bc4 e6 5. Nf3 Be7 6. Nxd5 exd5 7. Bb3 O-O 8.
O-O c6 9. d4 Bg4 10. Qd3 Nd7 11. h3 Bh5 12. Bd2 Qc7 13. c4 dxc4 14. Bxc4 Rad8
15. Rae1 Nb6 16. Ne5 c5 17. g4 Rxd4 18. gxh5 Rxd3 19. Bxd3 Rd8 20. Bf4 Bd6 21.
Bc2 Nd5 22. Bg3 f6 23. Nc4 Bxg3 24. fxg3 Qxg3+ 25. Kh1 Qxh3+ 26. Kg1 Qg4+ 0-1

[Event "Challenge"]
[Site "http://www.queenalice.com/game.php?id=414826"]
[Date "2008.6.8"]
[Round "-"]
[White "velkan_cu"]
[Black "leduar"]
[Result "0-1"]
[WhiteElo "1715"]
[BlackElo "1979"]

1. e4 e5 2. Nf3 Nc6 3. Bc4 Bc5 4. b4 Bxb4 5. c3 Ba5 6. O-O d6 7. d4 Bg4 8. Qd3
Bxf3 9. Qxf3 Qf6 10. Qxf6 Nxf6 11. d5 Ne7 12. f3 O-O 13. Bg5 c6 14. Bxf6 gxf6
15. dxc6 bxc6 16. Rd1 Rfd8 17. Ba6 Rab8 18. a4 Rb2 19. Ra3 Rdb8 20. Nd2 Bb6+ 21.
Kf1 Bc5 22. Raa1 Rc2 23. Rab1 Rxb1 24. Nxb1 Rf2+ 25. Ke1 Rxg2 26. h4 Bf2+ 27.
Kf1 Rg1+ 0-1

[Event "AUTO-OPEN-1170"]
[Site "http://www.queenalice.com/game.php?id=421127"]
[Date "2008.6.21"]
[Round "1"]
[White "daga2008"]
[Black "velkan_cu"]
[Result "1-0"]
[WhiteElo "1500"]
[BlackElo "1717"]

1. e4 e5 2. Qh5 Nc6 3. Bc4 Qf6 4. d3 Bc5 5. Nf3 g6 6. Qg5 Qxg5 7. Nxg5 Nh6 8.
Nf3 Ng4 9. Be3 Bxe3 10. fxe3 Nxe3 11. Na3 Na5 12. Kf2 Naxc4 13. Nxc4 Nxc4 14.
dxc4 f6 15. Rhd1 d6 16. a4 Bg4 17. h3 Bxf3 18. gxf3 O-O-O 19. Ra3 c6 20. Rb3 Kc7
21. Rbd3 c5 22. Ke2 h5 23. h4 g5 24. hxg5 fxg5 25. Rg1 Rdg8 26. c3 g4 27. fxg4
Rxg4 28. b4 Rxg1 29. Kf2 Rhg8 30. bxc5 R8g2+ 31. Ke3 Rg3+ 32. Kd2 Rxd3+ 33. Kxd3
h4 34. cxd6+ Kxd6 35. a5 h3 36. c5+ Kxc5 37. c4 h2 38. a6 bxa6 39. Ke3 h1=Q 40.
Kd3 Qf3+ 41. Kc2 Kxc4 42. Kb2 1-0

[Event "AUTO-OPEN-1170"]
[Site "http://www.queenalice.com/game.php?id=421128"]
[Date "2008.6.21"]
[Round "1"]
[White "velkan_cu"]
[Black "daga2008"]
[Result "1-0"]
[WhiteElo "1711"]
[BlackElo "1473"]

1. e4 e5 2. Nf3 Nc6 3. Bc4 Qf6 4. d4 exd4 5. Nxd4 Nxd4 6. Be3 Nc6 7. O-O Bd6 8.
Nc3 Qe5 9. f4 Qe7 10. Re1 a6 11. a3 b5 12. Bd5 Nf6 13. Bxc6 dxc6 14. e5 Bxe5 15.
fxe5 Nd5 16. Nxd5 cxd5 17. Qxd5 Rb8 18. Qc6+ Qd7 19. Qc5 Kd8 20. Red1 Rb7 21.
Rxd7+ Bxd7 22. Bg5+ Kc8 23. Rd1 Be8 24. Rd8# 1-0

[Event "AUTO-OPEN-1170"]
[Site "http://www.queenalice.com/game.php?id=421157"]
[Date "2008.6.21"]
[Round "1"]
[White "velkan_cu"]
[Black "holeripla"]
[Result "1-0"]
[WhiteElo "1709"]
[BlackElo "1100"]

1. e4 d6 2. d4 Nd7 3. Nf3 e5 4. dxe5 dxe5 5. Bc4 Ngf6 6. Ng5 Rb8 7. Nxf7 Qe7 8.
O-O Rg8 9. Bg5 Nxe4 10. Bxe7 Bxe7 11. Nxe5 Rf8 12. Nxd7 Bxd7 13. Nc3 Nxc3 14.
bxc3 Bc5 15. Qh5+ g6 16. Qxc5 Rc8 17. Rfe1+ Kd8 18. Qxf8+ Be8 19. Qxe8# 1-0

[Event "AUTO-OPEN-1170"]
[Site "http://www.queenalice.com/game.php?id=421158"]
[Date "2008.6.21"]
[Round "1"]
[White "holeripla"]
[Black "velkan_cu"]
[Result "0-1"]
[WhiteElo "1078"]
[BlackElo "1709"]

1. e4 e5 2. Ne2 Nf6 3. d4 exd4 4. Nxd4 Bc5 5. Na3 Bxa3 6. bxa3 O-O 7. Be2 Nxe4
8. O-O Nc3 9. Qd2 Nxe2+ 10. Qxe2 Re8 11. Qc4 d5 12. Qa4 Re4 13. Rb1 c5 14. Nb5
Rxa4 15. Rb4 Rxb4 16. axb4 a6 17. Nc3 cxb4 18. Na4 Qa5 19. Nc3 bxc3 20. Re1 Kf8
21. g3 Bh3 22. a3 d4 23. Re4 Qd5 24. f3 Nc6 25. Kf2 Re8 26. Ke2 Rxe4+ 27. fxe4
Qxe4+ 28. Kf2 Qg2+ 29. Ke1 Qf1# 0-1

[Event "AUTO-OPEN-1170"]
[Site "http://www.queenalice.com/game.php?id=421159"]
[Date "2008.6.21"]
[Round "1"]
[White "velkan_cu"]
[Black "Leijoto"]
[Result "1-0"]
[WhiteElo "1740"]
[BlackElo "1501"]

1. e4 e5 2. Nf3 d6 3. d4 Nf6 4. Nc3 Bg4 5. dxe5 Nfd7 6. exd6 cxd6 7. Bb5 a6 8.
Bxd7+ Qxd7 9. O-O Be7 10. Nd5 Bh4 11. Nb6 Bxf3 12. Qxf3 Qe6 13. Nxa8 O-O 14. Nc7
Qc4 15. Nd5 Nc6 16. c3 Ne5 17. Qh5 Qxe4 18. Ne3 g6 19. Qd1 Rd8 20. Qd4 Qc2 21.
Nxc2 1-0

[Event "AUTO-OPEN-1170"]
[Site "http://www.queenalice.com/game.php?id=421160"]
[Date "2008.6.21"]
[Round "1"]
[White "Leijoto"]
[Black "velkan_cu"]
[Result "0-1"]
[WhiteElo "1475"]
[BlackElo "1702"]

1. e4 e5 2. Bc4 Nf6 3. Nc3 Nxe4 4. Nxe4 d5 5. Bd3 dxe4 6. Bxe4 Bc5 7. Nf3 Qf6 8.
O-O Bg4 9. Bxb7 Bxf3 10. Qxf3 Qxf3 11. gxf3 O-O 12. Bxa8 Na6 13. Bd5 Nb4 14. Bb3
Rd8 15. d3 h6 16. f4 Bd6 17. Be3 a5 18. a3 Nc6 19. fxe5 Bxe5 20. f4 Bxb2 21. Ra2
Bc3 22. a4 Re8 23. Bc5 g6 24. f5 g5 25. Ra3 Bf6 26. Bd5 Ne5 27. Re1 Rd8 28. Bg2
Kg7 29. d4 Nc4 30. Raa1 Bxd4+ 31. Bxd4+ Rxd4 32. Re7 c5 33. Rb1 Nd6 34. c3 Rxa4
35. Bd5 Kf6 36. Rd7 Nxf5 37. Bxf7 Ra3 38. Rb6+ Ke5 39. Rd5+ Kf4 40. Rxc5 Ra1+
41. Kf2 Kg4 42. Rc4+ Kh3 43. Be6 Ra2+ 44. Kf3 g4+ 45. Kf4 Rf2+ 46. Ke5 Ne3 47.
Re4 Rf3 48. Rb2 h5 49. Re2 Nf1 50. Ra2 Rxc3 51. Rxa5 Nd2 52. Rf4 Re3+ 53. Kf6
Kh4 54. Ra7 Ne4+ 55. Kg6 Nd6 56. h3 Rxe6+ 57. Kg7 Kxh3 58. Ra3+ Kh4 59. Rd3 Re2
60. Kh6 Re6+ 61. Kh7 Ne4 62. Kg7 Nc5 63. Rd5 Rc6 64. Rff5 Rc7+ 65. Kh6 Rc6+ 66.
Kg7 Ne6+ 67. Kf7 g3 68. Rxh5+ Kg4 69. Rhe5 g2 70. Re4+ Kf3 71. Re1 Kf2 72. Rdd1
Ng5+ 73. Ke7 Nf3 74. Re6 Rc2 0-1

[Event "Challenge"]
[Site "http://www.queenalice.com/game.php?id=941815"]
[Date "2011.5.24"]
[Round "-"]
[White "velkan_cu"]
[Black "rlarin"]
[Result "0-1"]
[WhiteElo "1646"]
[BlackElo "1761"]

1. e4 b6 2. d4 Bb7 3. Bd3 d5 4. e5 e6 5. Nf3 Be7 6. O-O c5 7. c4 Nd7 8. Nc3 cxd4
9. Nxd4 dxc4 10. Bxc4 Nxe5 11. Re1 Bf6 12. Bb5+ Nd7 13. Re2 a6 14. Ba4 b5 15.
Bb3 Ne7 16. Ne4 Bxe4 17. Rxe4 h5 18. a4 Nc5 19. Be3 Nxe4 20. axb5 a5 21. Ra4 e5
0-1

[Event "Challenge"]
[Site "http://www.queenalice.com/game.php?id=941818"]
[Date "2011.5.24"]
[Round "-"]
[White "sandro83"]
[Black "velkan_cu"]
[Result "1-0"]
[WhiteElo "1825"]
[BlackElo "1661"]

1. e4 e5 2. Nf3 Nc6 3. Bb5 a6 4. Ba4 b5 5. Bb3 Bc5 6. d3 d6 7. Bg5 f6 8. Bh4 g5
9. Bg3 Nh6 10. Bd5 Bd7 11. Nxg5 Qe7 12. Qh5+ Nf7 13. Nxf7 Rf8 14. Nxe5+ Kd8 15.
Nxc6+ Bxc6 16. Bxc6 Rb8 17. Qf5 Rg8 18. Bh4 Rg6 19. Nc3 Qg7 20. Nd5 1-0

[Event "Challenge"]
[Site "http://www.queenalice.com/game.php?id=944822"]
[Date "2011.6.1"]
[Round "-"]
[White "velkan_cu"]
[Black "sandro83"]
[Result "0-1"]
[WhiteElo "1652"]
[BlackElo "1907"]

1. e4 e5 2. Nf3 Nf6 3. Bc4 Nxe4 4. Nxe5 Qe7 5. Qf3 Nd6 6. Bxf7+ Nxf7 7. Qxf7+
Qxf7 8. Nxf7 Kxf7 9. O-O Bc5 10. b3 Re8 11. Na3 c6 12. Bb2 d5 13. d4 Bd6 14. c4
Na6 15. Rad1 Nb4 16. c5 Bf4 17. g3 Bg5 18. f4 Bf6 19. Rf2 Bg4 20. Ra1 Nd3 21.
Rc2 Nxb2 22. Rxb2 Bxd4+ 0-1